Private Jet Quiz - Heavy Jets - ULR - Statistics

General Stats
  • This quiz has been taken 16 times
  • The average score is 13 of 16
Answer Stats
Picture Answer % Correct
Falcon 8X
100%
CL 604 / 605 / 650
83%
Falcon 7X
83%
G-650 / G-650ER
83%
G-700
83%
Global 5000 / 5500
83%
Global 6000 / 6500
83%
Global 7500
83%
Global Express / XRS
83%
G-V / G-550
83%
Challenger 850
67%
Falcon 2000 /EX/S/LX/LXS
67%
Falcon 6X
67%
Falcon 900
67%
G-500
67%
Legacy 600 / 650
67%
No matching quizzes found
Score Distribution
Percent of People with Each Score
Percentile by Number Answered
Your Score History
You have not taken this quiz